| 000 | 01172 ad a2200325 a 4500 | ||
|---|---|---|---|
| 005 | 20240515132325.0 | ||
| 008 | 100811s2003||||ag # f |||| 000 0 spa d | ||
| 020 | _a9879165403 | ||
| 041 | _aspa | ||
| 092 |
_c616.89 _l73 _sRIC |
||
| 100 | 1 |
_aRicón, Lía. _9682 |
|
| 245 | 3 |
_aLa relación terapéutica. _bRelación entre el personal de salud y el asistido / _cLía Ricón. |
|
| 250 | _a1a ed. | ||
| 260 |
_aBuenos Aires: _bPolemos; _c2003. |
||
| 300 | _a128 p. | ||
| 500 | _aRicón, L. (2003). La relación terapéutica. (1a ed.). Buenos Aires : Polemos. | ||
| 590 | _aColección Psicoanálisis y Salud Mental. Serie "Eslabones". | ||
| 590 | _aDonación 2004 | ||
| 653 | _aVocación del personal de salud | ||
| 653 | _aRelación personal de salud-asistidos (PS-A) | ||
| 653 | _aPsiquismo: el modelo conjetural freudiano | ||
| 653 | _aConcepto de transferencia (transferencia y contratransferencia) | ||
| 653 | _aMecanismos de defensa | ||
| 653 | _aPersonas: personlidades pertinentes y patológicas | ||
| 653 | _aEntrevista: libre y dirigida | ||
| 653 | _aAspectos éticos | ||
| 653 | _aCódigo de procedimientos | ||
| 930 | _a986 | ||
| 942 |
_2ddc _cBK |
||
| 999 |
_c604 _d604 |
||